Central Library OPAC University of Rajshahi

রমেশচন্দ্র / (Record no. 64734)

MARC details
000 -LEADER
fixed length control field 00705nam a2200217 a 4500
001 - CONTROL NUMBER
control field 64734
003 - CONTROL NUMBER IDENTIFIER
rucl marc code BD-RjUL
005 - DATE AND TIME OF LATEST TRANSACTION
control field 20211209081338.0
008 - FIXED-LENGTH DATA ELEMENTS--GENERAL INFORMATION
fixed length control field 170219s1962 ii ||||| |||| 00| 0 ben d
035 ## - SYSTEM CONTROL NUMBER
System control number (BD-RjUL) 64864
040 ## - CATALOGING SOURCE
Original cataloging agency BD-RjUL
Language of cataloging ben
Transcribing agency BD-RjUL
041 ## - LANGUAGE CODE
Language code of text/sound track or separate title ben
082 ## - DEWEY DECIMAL CLASSIFICATION NUMBER
Edition number 23
Classification number 954.092
Author mark and year BAR 1962
100 1# - MAIN ENTRY--PERSONAL NAME
Personal name বাগচি, মনি
9 (RLIN) 123362
245 10 - TITLE STATEMENT
Title রমেশচন্দ্র /
Statement of responsibility, etc. মনি বাগচি
260 ## - PUBLICATION, DISTRIBUTION, ETC. (IMPRINT)
Place of publication, distribution, etc. কলিকাতা :
Name of publisher, distributor, etc. জিজ্ঞাসা,
Date of publication, distribution, etc. ১৯৬২
300 ## - PHYSICAL DESCRIPTION
Pagination ২১০ পৃ. ;
Size ২১ সেমি.
650 ## - SUBJECT ADDED ENTRY--TOPICAL TERM
Topical term or geographic name as entry element ইন্ডিয়া
Form subdivision জীবনী
9 (RLIN) 191971
Topical term or geographic name as entry element India
Form subdivision Biography
9 (RLIN) 191972
942 ## - ADDED ENTRY ELEMENTS (KOHA)
Source of classification or shelving scheme Dewey Decimal Classification
Koha item type Books
Holdings
Lost status Source of classification or shelving scheme Damaged status Not for loan Collection code Permanent Location Current Location Shelving location Date acquired Source of acquisition Total Checkouts Full call number Date last seen Copy number Koha item type
  Dewey Decimal Classification   Not For Loan Non-fiction Central Library, University of Rajshahi Central Library, University of Rajshahi Reading Room 18/08/1973 Practice hall of india   B 954.092 BAR 1962 19/02/2017 C-1 Books